AI in Biotechnology: (Record no. 212938)
[ view plain ]
| 000 -LEADER | |
|---|---|
| fixed length control field | 00800nam a22002417a 4500 |
| 005 - DATE AND TIME OF LATEST TRANSACTION | |
| control field | 20250807155944.0 |
| 010 ## - LCCN (DPL NO) | |
| LC control number | ENG-146390 |
| 020 ## - INTERNATIONAL STANDARD BOOK NUMBER | |
| International Standard Book Number | 9789395659949 |
| Terms of availability | 350.00 |
| 035 ## - SYSTEM CONTROL NUMBER | |
| System control number | EN-129922 |
| 037 ## - SOURCE OF ACQUISITION | |
| Source of stock number/acquisition | DBAD |
| 082 ## - DEWEY DECIMAL CLASSIFICATION NUMBER | |
| Classification number | 570 |
| Edition number | 1 |
| 100 ## - MAIN ENTRY--PERSONAL NAME | |
| Personal name | Joice, A. Anitha |
| 245 ## - TITLE STATEMENT | |
| Title | AI in Biotechnology: |
| Remainder of title | Transforming Life Science/ |
| Statement of responsibility, etc | A. Anitha Joice...[et.al] |
| 250 ## - EDITION STATEMENT | |
| Edition statement | 1 |
| 260 ## - PUBLICATION, DISTRIBUTION, ETC. (IMPRINT) | |
| Place of publication, distribution, etc | Bangalore |
| Name of publisher, distributor, etc | Beyondline Publishers |
| Date of publication, distribution, etc | 2025 |
| 270 ## - ADDRESS | |
| Address | 513 Ground Floor, Arkavathi Layout, 19th Block, Chelikere, Kalyan Nagar |
| City | Bangalore |
| Postal code | 560043 |
| 300 ## - PHYSICAL DESCRIPTION | |
| Extent | 178p. |
| Dimensions | 25cm(pb) |
| 700 ## - ADDED ENTRY--PERSONAL NAME | |
| Personal name | K. Priya |
| Relator term | Author |
| 9 (RLIN) | 83946 |
| 700 ## - ADDED ENTRY--PERSONAL NAME | |
| Personal name | U. Boominathan |
| Relator term | Author |
| 9 (RLIN) | 83947 |
| 700 ## - ADDED ENTRY--PERSONAL NAME | |
| Personal name | A.T. Aji Jovitha |
| Relator term | Author |
| 9 (RLIN) | 83948 |
| 700 ## - ADDED ENTRY--PERSONAL NAME | |
| Personal name | Manimannan G. |
| Relator term | Author |
| 9 (RLIN) | 83949 |
| 942 ## - ADDED ENTRY ELEMENTS (KOHA) | |
| Source of classification or shelving scheme | Dewey Decimal Classification |
| Item type | English Books |
| Classification part | 570 |
| Call number suffix | JOI |
| Withdrawn status | Lost status | Not for loan | Collection code | Home library | Current library | Date acquired | Source of acquisition | Cost, normal purchase price | Full call number | Barcode | Copy number | Cost, replacement price | Koha item type |
|---|---|---|---|---|---|---|---|---|---|---|---|---|---|
| Non-fiction | Mobile Library | Mobile Library | 07/08/2025 | Delivery of Books Act Division | 350.00 | 570 JOI | EN-129922 | 1 | 350.00 | English Books |
